| 000 | 00583nam a2200181 i 4500 | ||
|---|---|---|---|
| 001 | 79004 | ||
| 003 | ES-MaACL | ||
| 005 | 20230906173857.0 | ||
| 007 | t| | ||
| 008 | 041019s1956 sp ||||1| spa d | ||
| 100 | 1 |
_aHeinemann, Fritz. _962374 |
|
| 245 | 1 | 1 |
_a¿Está viva o muerta la filosofía existencial? / _cFritz Heinemann ; traducción del alemán por Fernando Vela. |
| 260 |
_aMadrid : _bRevista de Occidente, _c[1956] ( _fClavileño) |
||
| 300 |
_a221 p. ; _c22 cm. |
||
| 650 | 0 | 0 |
_aExistencialismo. _912679 |
| 700 | 1 |
_aVela, Fernando. _9113674 |
|
| 852 |
_aES-MaACL _jC-10240 |
||
| 999 |
_c79004 _d79004 |
||